000 00396nam a2200157Ia 4500
008 230917s9999||||xx |||||||||||||| ||und||
040 _e78194
_aMAIN
041 _aEnglish
082 _a340.1 P212S
100 _aParanjape, N v
245 0 _aStudies in jurisprudence and legal theory
250 _a2nd ed.
260 _aAllahabad
_bCentral Law
_c1997
300 _axxviii, 368 p.
942 _cBK
999 _c98179
_d98179